Peregrinação (Registo nº 4684)
[ vista simples ]
| 000 -Etiqueta do registo | |
|---|---|
| Cabeçalho | 00898nam0a2200277 4500 |
| 005 - Identificador da versão | |
| Campo de controlo | 20240821225449.0 |
| 100 ## - Dados gerais de processamento | |
| Dados gerais de processamento | 20190625d1976 m y0pory5003 ba |
| 101 0# - Língua de publicação | |
| Língua do texto, banda sonora, etc. | Português |
| 102 ## - Pais de publicação ou produção | |
| País de publicação | Portugal |
| 200 1# - Titulo e menção de responsabilidade | |
| Título próprio | Peregrinação |
| Informação de outro título | aventuras extraordinárias de um português no Oriente |
| Primeira menção de responsabilidade | Fernão Mendes Pinto |
| Outras menções de responsabilidade | adapt. Aquilino Ribeiro |
| -- | il. Martins Barata |
| 205 ## - Menção da edição | |
| Menção da edição | 8ª ed |
| 210 ## - Publicação, Distribuição, etc. | |
| Lugar da edição, distribuição, etc. | Lisboa |
| Nome do editor, distribuidor, etc. | Sá da Costa |
| Data da publicação, distribuição, etc. | 1976 |
| 215 ## - Descrição física | |
| Indicação específica da natureza do documento e extensão da espécie | 216 p. |
| Outras indicações físicas | il |
| 225 2# - Colecção | |
| Título próprio da colecção | Os grandes livros da humanidade |
| 300 ## - Notas gerais | |
| Texto da nota | Metas Curriculares |
| Texto da nota | PNL |
| 606 ## - Nome comum usado como assunto | |
| Número de registo de entrada de autoridade | 0002162 |
| Palavra de ordem | Literatura portuguesa |
| Subdivisão de assunto | Narrativas |
| Código do sistema | CA |
| Número de registo de entrada de autoridade | 0002163 |
| Palavra de ordem | Viagens |
| Código do sistema | CA |
| 675 ## - Classificação Decimal Universal (CDU) | |
| Notação | 821.134.3-992 |
| Edição | 3ª ed. |
| Língua da edição | por |
| 700 #1 - Nome de autor-pessoa física (responsabilidade principal) | |
| Número de registo de entrada de autoridade | 0002159 |
| Palavra de ordem | Pinto |
| Outra parte do nome não tomada para palavra de ordem | Fernão Mendes |
| Datas | ca 1509-1583 |
| 702 #1 - Nome de autor-pessoa física (responsabilidade secundária) | |
| Número de registo de entrada de autoridade | 0002160 |
| Palavra de ordem | Ribeiro |
| Outra parte do nome não tomada para palavra de ordem | Aquilino |
| Datas | 1885-1963 |
| Código de função | Adaptador |
| Número de registo de entrada de autoridade | 0002161 |
| Palavra de ordem | Barata |
| Outra parte do nome não tomada para palavra de ordem | Martins |
| Datas | 1899-1970 |
| Código de função | Ilustrador / Técnico de desenho computorizado |
| 942 ## - Elementos de entrada adicionados (Koha) | |
| Tipo de item no Koha | Livro |
| 966 ## - Identificação da Biblioteca | |
| Sigla | EBVEN |
| Situação do levantamento | Origin of item (home branch) (coded) | Biblioteca de empréstimo | Código de barras | Cota | Circulation type (not for loan) | Tipo de documento | Nota do exemplar | Damaged status |
|---|---|---|---|---|---|---|---|---|
| Biblioteca Escolar das Vendas | Biblioteca Escolar das Vendas | BEV757 | 8POR RIB MET PNL | Livro | Sem mensagem |
